000 00363nam a22001577a 4500
005 20251108172617.0
008 250721s9999 xx 000 0 eng d
082 1 4 _a574.19SMI
100 1 _aSmith, C.A
245 1 0 _aBiosynthesis /
264 1 _aLondon :
_bChampman & Hall,
300 _a226 p
650 1 7 _aBiosynthesis
942 _2ddc
_cBK
999 _c83932
_d83932